000 00336pam a2200145a 44500
008 230405s2023 xxu||||| |||| 00| 0 eng d
041 _aENG
100 _aParas Diwan
245 _aFamily Law
250 _a2022 Ed.
260 _aAllahabad
_bAllahabad Law Agency
_c2023
300 _a1-617p.
650 _aFAMILY LAW
906 _a3782
999 _c274756
_d274756